[Event "FRA-chT4 0506"]
[Site "France"]
[Date "2006.??.??"]
[Round "7"]
[White "Flachet, Thierry"]
[Black "Boziau, Marcel"]
[Result "1-0"]
[WhiteElo "2037"]
[BlackElo "1887"]
[PlyCount "115"]
[EventDate "2005.10.02"]
[EventType "team"]
[EventRounds "9"]
[EventCountry "FRA"]
[SourceTitle "EXT 2007"]
[Source "ChessBase"]
[SourceDate "2006.11.23"]
[SourceVersion "1"]
[SourceVersionDate "2006.11.23"]
[SourceQuality "1"]

1. c4 e6 2. Nc3 d5 3. d4 c6 4. Nf3 dxc4 5. a4 Bb4 6. e4 b5 7. Bd2 Bxc3 8. bxc3 Bb7 9. Qb1 a6 10. Bxc4 Qc7 11. Bd3 Nd7 12. e5 Ne7 13. 0-0 Nb6 14. a5 Nd7 15. Ng5 c5 16. Ne4 Bxe4 17. Bxe4 Rb8 18. Rc1 c4 19. Bg5 Nf8 20. Bxe7 Kxe7 21. f4 Ng6 22. Rf1 Rhd8 23. f5 exf5 24. Rxf5 Ke8 25. Qe1 b4 26. e6 fxe6 27. Rc5 Qe7 28. Rxc4 Rdc8 29. Bc6+ Kf7 30. cxb4 Qd6 31. Rac1 Ne7 32. Be4 Kg8 33. Rxc8+ Nxc8 34. Rc4 Ne7 35. g3 Nd5 36. Bxd5 exd5 37. Rc5 Qd7 38. Qe5 Rxb4 39. Qxd5+ Qxd5 40. Rxd5 Ra4 41. Kf2 Ra3 42. Rd6 Rxa5 43. Ke3 Kf7 44. Ke4 Ke7 45. Rb6 Ra2 46. Ke5 Re2+ 47. Kd5 a5 48. Ra6 Rxh2 49. Ra7+ Kf6 50. Kd6 Rh5 51. d5 Rg5 52. Rxa5 Rxg3 53. Ra1 Rd3 54. Rf1+ Kg5 55. Ke6 h5 56. d6 h4 57. d7 Kh5 58. Rf5+ 1-0